| 000 | 00686nam a2200253Ia 4500 | ||
|---|---|---|---|
| 008 | 160901s9999 xx 000 0 und d | ||
| 020 | _a981-4119-27-X | ||
| 050 | _aComSc QA 76.8 | ||
| 050 | _b.I12A24 2001 c.1 | ||
| 100 | _aAbel, Peter. | ||
| 245 | _aIBM PC: | ||
| 245 | _bassembly language and programming / | ||
| 245 | _cPeter Abel. | ||
| 250 | _a5th Edition | ||
| 260 | _aSingapore : | ||
| 260 | _bPearson Education Asia Pte. Ltd., | ||
| 260 | _c2001 | ||
| 300 | _a545 pages : | ||
| 300 | _bill. ; | ||
| 300 | _c24 cm. | ||
| 500 | _aIncludes index. | ||
| 650 | _aIBM (Personal computer -- Programming). | ||
| 650 | _xAssembly languages (Electronic computers). | ||
| 999 |
_c300820 _d300820 |
||